[Event "Club Championships"]
[Site "Wellington Chess Club"]
[Date "2014.10.09"]
[Round "3"]
[White "Nijman, Brian"]
[Black "Nyberg, Michael"]
[Result "0-1"]
[WhiteElo "2180"]
[BlackElo "2081"]

1. d4 d5 2. c4 c6 3. Nf3 Nf6 4. g3 g6 5. Bg2 Bg7 6. O-O O-O 7. a4 dxc4 8. Qc2
Na6 9. Rd1 Be6 10. Ng5 Bg4 11. Na3 h6 12. h3 Bc8 13. Nf3 Bf5 14. Qxc4 Be6 15.
Qc3 Qc8 16. Kh2 Ne4 17. Qe1 Bb3 18. Rd3 Be6 19. Ne5 Nd6 20. Bd2 Nc7 21. Rc1 Nd5
22. e4 Nb6 23. d5 Bxe5 24. dxe6 Qxe6 25. Bxh6 Bxb2 26. Rb1 Bg7 27. Bxg7 Kxg7
28. a5 Nd7 29. a6 bxa6 30. Qc3+ Kg8 31. f4 Nb5 32. Qd2 Nc5 33. f5 Qf6 34. fxg6
Qxg6 35. Re3 Rfd8 36. Qb4 Nd3 37. Qa5 Qh6 38. Nc4 Ne5 39. Nxe5 Qxe3 40. Rf1 Rd2
41. Ng4 Qc3 42. Qa4 f6 43. e5 Qd3 44. Qf4 Qd5 45. Rf3 Rxg2+ 46. Kxg2 Nd4 47.
Qh6 Qxf3+ 48. Kh2 Qxg3+ 49. Kh1 Qe1+ 50. Kg2 Qe2+ 51. Nf2 Qf3+ 52. Kf1 Rb8 53.
Qg6+ Kf8 54. e6 Nxe6 55. Qh6+ Ke8 56. Qg6+ Kd7 57. Qc2 Nd4 58. Qa2 Rb3 59. Kg1
Re3 60. Qb2 Re1+ 61. Kh2 c5 62. Qb7+ Qxb7 0-1

[Event "Club Championships"]
[Site "Wellington Chess Club"]
[Date "2014.10.09"]
[Round "3"]
[White "Phillips, Cameron"]
[Black "Scarlett, William"]
[Result "0-1"]
[WhiteElo "1192"]
[BlackElo "1255"]

1. e4 c6 2. d3 d5 3. exd5 cxd5 4. Nc3 e5 5. Be2 Bb4 6. Bd2 Nf6 7. Nh3 Bxh3 8.
gxh3 O-O 9. Bf3 Nc6 10. h4 e4 11. dxe4 dxe4 12. Nxe4 Nxe4 13. Bxe4 Re8 14. O-O
Rxe4 15. Bxb4 Rd4 16. Bd2 Rxd2 17. h5 Rxd1 18. Raxd1 Qg5+ 19. Kh1 Qxh5 20. Rd2
Rd8 21. Re1 f6 22. Rxd8+ Nxd8 23. Rd1 Qxd1+ 24. Kg2 Qxc2 25. Kg3 Kf7 0-1

[Event "Club Championships"]
[Site "Wellington Chess Club"]
[Date "2014.10.09"]
[Round "3"]
[White "Roberts, Michael"]
[Black "Stracy, Don"]
[Result "1-0"]
[WhiteElo "1761"]
[BlackElo "1855"]

1. e4 c5 2. Nf3 e6 3. d4 cxd4 4. Nxd4 Nf6 5. Nc3 Nc6 6. Be2 Bb4 7. Nxc6 bxc6 8.
Bg5 h6 9. Bxf6 Qxf6 10. O-O O-O 11. Na4 d5 12. c3 Ba5 13. exd5 cxd5 14. Nc5 Bb6
15. Nb3 Bb7 16. Bf3 Rad8 17. Qc2 e5 18. Rad1 Rfe8 19. Bg4 Qf4 20. Qf5 Qxf5 21.
Bxf5 g6 22. Bd3 Kg7 23. c4 dxc4 24. Bxc4 Rxd1 25. Rxd1 Rd8 26. Rxd8 Bxd8 27. f3
e4 28. fxe4 Bxe4 29. Nd2 Bc6 30. b4 f5 31. Kf1 Bf6 32. Nb3 Bc3 33. b5 Be4 34.
a4 Kf6 35. Nc5 Bc2 36. Bb3 Bxb3 37. Nxb3 Ke5 38. Ke2 Kd5 39. Kd3 Be5 40. h3 g5
41. Na5 Kc5 42. Nc6 Bc7 43. Nxa7 Kb4 44. Nc6+ Kxa4 45. Kc4 Bb6 46. Ne7 f4 47.
Ng8 h5 48. Nf6 h4 49. Ne4 Bd8 50. Nc5+ Ka3 51. Ne6 Ka4 52. Nxd8 g4 53. b6 f3
54. gxf3 g3 55. b7 g2 56. b8=Q 1-0

[Event "Club Championships"]
[Site "Wellington Chess Club"]
[Date "2014.10.09"]
[Round "3"]
[White "Sellen, Ian"]
[Black "Timergazi, Layla"]
[Result "1/2-1/2"]
[WhiteElo "2075"]
[BlackElo "2071"]

1. c4 Nf6 2. g3 g6 3. Bg2 Bg7 4. Nc3 d6 5. d4 O-O 6. Bg5 h6 7. Bd2 e5 8. d5 Ne8
9. Qc1 Kh7 10. e4 f5 11. Nge2 Nf6 12. O-O a5 13. f4 Na6 14. fxe5 dxe5 15. Qb1
fxe4 16. Nxe4 Bf5 17. Nxf6+ Rxf6 18. Be4 Bxe4 19. Qxe4 Qe7 20. Qe3 Qc5 21. Rxf6
Qxe3+ 22. Bxe3 {Draw agreed} 1/2-1/2

[Event "Club Championships"]
[Site "Wellington Chess Club"]
[Date "2014.10.09"]
[Round "3"]
[White "Stone, Andrew"]
[Black "Ker, Anthony"]
[Result "0-1"]
[WhiteElo "2058"]
[BlackElo "2435"]

1. e4 d6 2. d4 Nf6 3. Nc3 g6 4. Bg5 Bg7 5. Qd2 h6 6. Bh4 Nbd7 7. O-O-O g5 8.
Bg3 Nh5 9. Bc4 c5 10. Nge2 cxd4 11. Nxd4 Ne5 12. Bxe5 Bxe5 13. g3 Bg4 14. f3
Bd7 15. Be2 a6 16. Kb1 Bg7 17. f4 g4 18. Nf5 Bxf5 19. exf5 Nf6 20. h3 Qb6 21.
Qd4 Qxd4 22. Rxd4 gxh3 23. Rb4 O-O-O 24. Bf3 d5 25. Rxh3 e6 26. fxe6 fxe6 27.
Rh1 Bf8 28. Rb6 Bd6 29. Re1 Rhe8 30. f5 Kc7 31. Rb3 exf5 32. Rd1 Bxg3 33. a4
Re1 34. Bxd5 Nxd5 0-1

[Event "Club Championships"]
[Site "Wellington Chess Club"]
[Date "2014.10.09"]
[Round "3"]
[White "Wight, Joshua"]
[Black "Sole, Michael"]
[Result "0-1"]
[WhiteElo "1204"]
[BlackElo "1746"]

1. e4 e5 2. Nf3 Nc6 3. Bc4 Nf6 4. d3 Bc5 5. O-O d6 6. h3 Na5 7. Nbd2 Nxc4 8.
Nxc4 h5 9. Be3 Bxe3 10. Nxe3 h4 11. c3 Nh5 12. d4 f6 13. Nxh4 Nf4 14. Nef5 g6
15. Nxg6 Nxg6 16. Qg4 Kf7 17. Rad1 Rh4 18. Qf3 Rf4 19. Qe3 Bxf5 20. exf5 Rxf5
21. Qh6 Qh8 22. Qe3 Rg8 23. Kh2 Nf4 24. Rg1 Rfg5 25. Qf3 Rh5 26. dxe5 fxe5 27.
Rd3 Ke7 28. Re3 Rhg5 29. Qxf4 Qg7 30. g4 Rf8 31. Qg3 Rg6 32. Rf1 Rgf6 33. c4
Qg5 34. h4 Qf4 35. Qxf4 Rxf4 36. Kg3 Rxc4 37. g5 Rff4 38. Rh1 Rg4+ 39. Kf3 Rxh4
40. Rxh4 Rxh4 41. Kg3 Rb4 42. b3 Rf4 43. Rc3 c6 44. Rc4 Rxc4 45. bxc4 {and
black went on to win} 0-1

[Event "Club Championships"]
[Site "Wellington Chess Club"]
[Date "2014.10.16"]
[Round "4"]
[White "Brockway, Andrew"]
[Black "Nicholls, Alistair"]
[Result "1-0"]
[BlackElo "1850"]
[EventDate "2014.10.16"]
[WhiteElo "1784"]

1. e4 Nc6 2. Nf3 e5 3. Bb5 f5 4. d3 fxe4 5. dxe4 Nf6 6. O-O Bc5 7. Qe2 d6 8.
Qc4 Qe7 9. Nc3 a6 10. Bxc6+ bxc6 11. Bg5 h6 12. Bh4 Be6 13. Qd3 Qf7 14. b3 Nh5
15. Ne2 g5 16. Bg3 Nf4 17. Bxf4 gxf4 18. Qc3 Qg7 19. Nh4 Qg4 20. b4 Bb6 21.
Qxc6+ Ke7 22. Nxf4 exf4 23. Nf5+ Bxf5 24. exf5 Rag8 25. Rfe1+ Kd8 26. Re6 Bxf2+
27. Kxf2 Qxf5 28. Rae1 Qf7 29. Rxd6+ cxd6 30. Qa8+ 1-0

[Event "Club Championships"]
[Site "Wellington Chess Club"]
[Date "2014.10.16"]
[Round "4"]
[White "Coghini, Phillip"]
[Black "List, Robert"]
[Result "1-0"]
[WhiteElo "1747"]
[BlackElo "1724"]

1. d4 c6 2. e4 d5 3. exd5 cxd5 4. Bf4 Nf6 5. Bd3 Bg4 6. Qd2 Nc6 7. c3 e6 8. h3
Bh5 9. Ne2 a6 10. a4 Na5 11. Qc2 Rc8 12. Nd2 Bg6 13. O-O Nc6 14. Qb1 Na5 15. b3
Ne4 16. Bxe4 dxe4 17. Qb2 Qb6 18. b4 Be7 19. Be3 O-O 20. Rfb1 Nc4 21. Nxc4 Rxc4
22. g3 Rfc8 23. h4 Bh5 24. Nf4 Bg4 25. Rc1 Qc7 26. Bd2 Bf6 27. Kh2 Qd7 28. Be3
Bf3 29. Qd2 Qe7 30. Ng2 Qc7 31. Ra3 Kf8 32. a5 Be7 33. Rb3 Qc6 34. Qb2 Qd5 35.
Nf4 Qf5 36. b5 g5 37. Nh3 gxh4 38. Bf4 hxg3+ 39. fxg3 Qh5 40. bxa6 bxa6 41. Rb8
Qxa5 42. Rxc8+ Rxc8 43. c4 f6 44. Ra1 Qd8 45. c5 Rc6 46. Rb1 Kf7 47. Qb7 Rc8
48. c6 e5 49. dxe5 Qd3 50. Nf2 Qe2 51. Kg1 Qc2 52. Rc1 Qa2 53. Qxc8 fxe5 54.
Qf5+ Ke8 55. c7 exf4 56. c8=Q+ 1-0

[Event "Club Championships"]
[Site "Wellington Chess Club"]
[Date "2014.10.16"]
[Round "4"]
[White "Farrington, Lawrence"]
[Black "Stoeveken, Peter"]
[Result "0-1"]
[WhiteElo "1852"]
[BlackElo "1856"]

1. e4 c5 2. c3 Nc6 3. d4 d5 4. e5 Qb6 5. Nf3 e6 6. a3 Nge7 7. Bd3 Bd7 8. Bc2
Rc8 9. O-O Ng6 10. b4 cxd4 11. cxd4 a5 12. bxa5 Nxa5 13. Nbd2 Be7 14. Rb1 Qc7
15. Ba4 O-O 16. Bxd7 Qxd7 17. Bb2 Nf4 18. Nb3 Nc4 19. Bc1 Ng6 20. Ra1 Ra8 21.
Nc5 Qc6 22. Nd3 Bxa3 23. Qb3 Be7 24. Be3 Qb6 25. Qxb6 Nxb6 26. Rab1 Nc4 27.
Rxb7 Nxe3 28. fxe3 Ra3 29. Rd1 Re8 30. Kf2 Kf8 31. g3 Rc8 32. Rb2 Rac3 33. Ke2
Rc2+ 34. Rxc2 Rxc2+ 35. Nd2 Nh8 36. Ra1 g5 37. Ra8+ Kg7 38. Ra7 Ng6 39. Kd1 Rc6
40. Ke2 h5 41. Ra2 Bf8 42. Nf3 g4 43. Nd2 Be7 44. Ra7 Bg5 45. Ra1 Ne7 46. Ra3
Nf5 47. Nf4 h4 48. gxh4 Bxh4 49. Ng2 Bg5 50. Nf4 Bxf4 51. exf4 Nxd4+ 52. Kd3
Nf5 53. Ra1 Rb6 54. Rg1 Nh6 55. Kc3 f5 56. exf6+ Kxf6 57. Nb3 Kf5 58. Rf1 Rc6+
59. Kd3 Ra6 60. Nd4+ Kf6 61. Rf2 Ra3+ 62. Kd2 Ra2+ 63. Nc2 Nf7 64. Kd3 Nd6 65.
Rg2 Ra4 66. Rxg4 Kf5 67. Ne3+ Kf6 68. Ng2 Ne4 69. Rg8 Ra3+ 70. Ke2 Rh3 71. Kf1
Rxh2 72. Kg1 Rh6 73. Ra8 Nc3 74. Kf2 Kf5 75. Rf8+ Ke4 76. f5 e5 77. f6 Kd4 78.
f7 Rf6+ 79. Ke1 Ne4 80. Ra8 Rxf7 81. Ra4+ Kc5 82. Ne3 Nc3 83. Ra5+ Kb4 84. Ra6
d4 {black eventually won} 0-1

[Event "Club Championships"]
[Site "Wellington Chess Club"]
[Date "2014.10.16"]
[Round "4"]
[White "Jackson, Ross"]
[Black "Roberts, Michael"]
[Result "1/2-1/2"]
[WhiteElo "1984"]
[BlackElo "1761"]

1. d4 Nf6 2. c4 e6 3. Nc3 d5 4. cxd5 exd5 5. Bg5 Be7 6. e3 Nbd7 7. Bd3 O-O 8.
Nge2 c6 9. O-O Re8 10. Rb1 Qc7 11. b4 Bd6 12. Bf4 Nf8 13. b5 Ng6 14. Bxd6 Qxd6
15. bxc6 bxc6 16. Ng3 Bg4 17. Qc2 Rab8 18. Rxb8 Rxb8 19. Rb1 Rxb1+ 20. Qxb1 Qc7
21. Na4 Nd7 22. h3 Be6 23. Qb4 Qb8 24. Qc3 Qc7 25. Ne2 Ngf8 26. Nc1 Nb6 27. Nc5
Bc8 28. N1b3 Ne6 29. Na5 Nd8 30. Bc2 Nd7 31. Ba4 Nxc5 32. Qxc5 Bd7 33. Bc2 Be8
34. Nb3 Ne6 35. Qc3 Qb6 36. Qd3 g6 37. h4 Qb4 38. Qd1 a5 39. Nc1 Qe7 40. h5 Qg5
41. hxg6 hxg6 42. Nd3 Ng7 43. Ne5 Nf5 44. Nf3 Qf6 45. Ba4 Nd6 46. Qe1 Qd8 47.
Ne5 Nb5 48. Qc1 Qd6 49. Nf3 Qb4 50. Bd1 Nc3 51. a3 Qb3 52. Bxb3 Ne2+ 53. Kf1
Nxc1 54. Bc2 Na2 55. Ke1 Nc3 1/2-1/2

[Event "Club Championships"]
[Site "Wellington Chess Club"]
[Date "2014.10.16"]
[Round "4"]
[White "Lamerton, Troy"]
[Black "Barr, Nick"]
[Result "1-0"]
[WhiteElo "1731"]
[BlackElo "1482"]

1. d4 Nf6 2. Nf3 e6 3. Bf4 c5 4. e3 Nc6 5. h3 Ne4 6. c3 cxd4 7. cxd4 Bb4+ 8.
Nbd2 g5 9. Bh2 d5 10. a3 Nxd2 11. Nxd2 Bd6 12. Bxd6 Qxd6 13. Qh5 Qe7 14. Qh6 e5
15. Bb5 Bd7 16. Bxc6 Bxc6 17. Nf3 e4 18. Ne5 Bd7 19. Rc1 Be6 20. Qg7 Rf8 21.
Qxh7 Rc8 22. O-O Qf6 23. Qh5 Ke7 24. Qe2 Qg7 25. Rxc8 Bxc8 26. f4 f6 27. Ng4 a6
28. Rc1 Qg6 29. Rc7+ Kd8 30. Qc2 Bd7 31. Rxb7 Ke7 32. Qc5+ Kf7 33. Qxd5+ Kg7
34. Qxd7+ Kg8 35. Qe6+ Kh8 36. fxg5 Qxg5 37. Qxe4 f5 38. Qe5+ Kg8 39. Qe6+ Kh8
40. Qh6+ Qxh6 41. Nxh6 f4 42. exf4 Rxf4 43. d5 Rd4 44. d6 Rh4 45. Nf5 1-0

[Event "Club Championships"]
[Site "Wellington Chess Club"]
[Date "2014.10.16"]
[Round "4"]
[White "Nyberg, Michael"]
[Black "Dive, Russell"]
[Result "0-1"]
[WhiteElo "2081"]
[BlackElo "2440"]

1. e4 c6 2. d4 d5 3. Nd2 dxe4 4. Nxe4 Bf5 5. Ng3 Bg6 6. h4 h6 7. Nh3 Nf6 8. Nf4
Bh7 9. Bc4 e5 10. Qe2 Qxd4 11. c3 Qd6 12. O-O Nbd7 13. Rd1 Qc7 14. Be3 b5 15.
Bb3 Be7 16. Nfh5 O-O 17. Qd2 Bg6 18. Nxg7 Kxg7 19. Bxh6+ Kh7 20. Bxf8 Nxf8 21.
h5 Nxh5 22. Nxh5 Bxh5 23. Re1 Bg6 24. Qe3 Nd7 25. Rad1 Kg7 26. a4 a6 27. axb5
axb5 28. Qh3 Nc5 29. c4 Rh8 30. Qg3 Bh4 31. Qe3 Ne4 32. Re2 Bg5 33. Qf3 Nf6 34.
Qc3 e4 35. g3 Qc8 36. f4 exf3 37. Re5 Rh1+ 38. Kf2 Rh2+ 39. Ke1 f2+ 40. Ke2
Qg4+ 0-1

[Event "Club Championships"]
[Site "Wellington Chess Club"]
[Date "2014.10.16"]
[Round "4"]
[White "Phillips, Cameron"]
[Black "Sknar, Andrew"]
[Result "1/2-1/2"]
[WhiteElo "1192"]
[BlackElo "1039"]

1. e4 e5 2. Nf3 Nc6 3. Nc3 Nf6 4. Bb5 Bc5 5. Bxc6 dxc6 6. d3 Ng4 7. Be3 Bxe3 8.
fxe3 Nxe3 9. Qd2 Ng4 10. O-O-O O-O 11. h3 Nf6 12. Nxe5 Qe7 13. Qf4 Nd7 14. Nxd7
Bxd7 15. Qxc7 b5 16. Qa5 b4 17. Ne2 b3 18. axb3 Qf6 19. Qc7 Qh6+ 20. Qf4 Qxf4+
21. Nxf4 Rab8 22. c4 Rxb3 23. Rd2 Rfb8 24. g4 g6 25. Rhh2 a5 26. Kb1 a4 27. Ka1
a3 28. Ka2 R3b6 29. bxa3 Ra6 30. Rb2 Rba8 31. Rb3 c5 32. Nd5 Ba4 33. Rc3 R8a7
34. Rf2 Ra8 35. Nc7 Bb3+ 36. Rxb3 Kg7 37. Nxa8 Rxa8 38. Rb5 Rf8 39. Rxc5 Re8
40. a4 Ra8 41. Kb3 Rb8+ 42. Rb5 Ra8 43. a5 Rf8 44. Rb7 Kg8 45. Rfxf7 Rxf7 46.
Rxf7 Kxf7 47. Kb4 Ke7 48. d4 Kd6 {Not sure what happened here. Scoresheet says
STUFFED UP and result given as draw. Mysterious.} 1/2-1/2

[Event "Club Championships"]
[Site "Wellington Chess Club"]
[Date "2014.10.16"]
[Round "4"]
[White "Sellen, Ian"]
[Black "Forster, Bill"]
[Result "0-1"]
[WhiteElo "2075"]
[BlackElo "2081"]

1. c4 d6 2. g3 g6 3. Bg2 Bg7 4. Nc3 e5 5. e3 Ne7 6. Nge2 O-O 7. O-O f5 8. d4
Nd7 9. a4 a5 10. Qb3 Kh8 11. Rd1 c6 12. e4 exd4 13. Nxd4 Nc5 14. Qc2 fxe4 15.
Nxe4 Nf5 16. Nxc6 bxc6 17. Nxc5 Nd4 18. Rxd4 Bxd4 19. Ne4 d5 20. cxd5 cxd5 21.
Bg5 Qb6 22. Bh6 Rf7 23. Nd2 Rxf2 24. Kh1 Bf5 25. Qd1 Qxb2 26. Nb3 Rxg2 27.
Qxd4+ Qxd4 28. Nxd4 Be4 0-1

[Event "Club Championships"]
[Site "Wellington Chess Club"]
[Date "2014.10.16"]
[Round "4"]
[White "Sole, Michael"]
[Black "Asplet, Mike"]
[Result "1-0"]
[WhiteElo "1746"]
[BlackElo "1566"]

1. e4 d5 2. exd5 Qxd5 3. Nc3 Qa5 4. d4 Nf6 5. Bd3 Bg4 6. Ne2 e5 7. dxe5 Qxe5 8.
Bf4 Qxf4 9. Nxf4 Bxd1 10. Rxd1 Bd6 11. Nfd5 Nbd7 12. O-O O-O 13. Rfe1 c6 14.
Nxf6+ Nxf6 15. Bxh7+ Kxh7 16. Rxd6 Rfe8 17. Kf1 Ng4 18. f3 Ne3+ 19. Kf2 Nxc2
20. Re4 Rxe4 21. Nxe4 f6 22. Rd7 Nb4 23. a3 f5 24. Ng3 1-0

[Event "Club Championships"]
[Site "Wellington Chess Club"]
[Date "2014.10.16"]
[Round "4"]
[White "Timergazi, Layla"]
[Black "Ker, Anthony"]
[Result "0-1"]
[WhiteElo "2071"]
[BlackElo "2435"]

1. d4 d6 2. c4 e5 3. d5 f5 4. e4 fxe4 5. Nc3 Nf6 6. Bg5 Bf5 7. Nge2 Be7 8. Ng3
Bg6 9. Bxf6 gxf6 10. Ngxe4 f5 11. Ng3 Nd7 12. Bd3 O-O 13. O-O Nc5 14. Bc2 a5
15. f4 e4 16. Nce2 Bf6 17. Nd4 Qd7 18. Nge2 Bh5 19. Re1 Nd3 20. Ne6 Nxe1 21.
Nxf8 Nf3+ 22. gxf3 Rxf8 23. fxe4 Qg7+ 24. Kf2 Bxb2 25. Rb1 fxe4 26. Qg1 Rxf4+
27. Ke3 Rg4 0-1

[Event "Club Championships"]
[Site "Wellington Chess Club"]
[Date "2014.10.16"]
[Round "4"]
[White "Wilkins, Mark"]
[Black "Rossiter, Philip"]
[Result "1-0"]
[WhiteElo "1886"]
[BlackElo "1922"]

1. d4 e6 2. c4 Nf6 3. Nc3 Bb4 4. Bd2 d5 5. e3 O-O 6. Nf3 b6 7. cxd5 Nxd5 8. Bd3
Bb7 9. O-O Be7 10. Rc1 Nxc3 11. Bxc3 Nd7 12. Qc2 h6 13. b4 c5 14. dxc5 bxc5 15.
Qb2 Bf6 16. Bxf6 Qxf6 17. Qxf6 gxf6 18. Bb5 Rfd8 19. Bxd7 Rxd7 20. Rxc5 Rad8
21. a4 Be4 22. h3 Rb7 23. b5 a6 24. Nd4 axb5 25. Nxb5 Rd2 26. Rfc1 Rb6 27. a5
Ra6 28. Ra1 Rc2 29. Rxc2 Bxc2 30. Ra3 Kf8 31. Kf1 Ke7 32. f3 e5 33. Ke2 e4 34.
Nd4 Bd3+ 35. Kf2 Kd7 36. f4 Bc4 37. g4 Be6 38. f5 Bd5 39. Kg3 Kd6 40. Kf4 Kc5
41. Ra1 Kb4 42. Ne2 Kc4 43. Ng3 Kc3 44. Nxe4+ Kb2 45. Ra4 Bb3 46. Nc5 Rc6 47.
Nxb3 Kxb3 48. Rd4 Ra6 49. Rd5 Kb4 50. Ke4 Rc6 51. h4 Ra6 52. Kf4 Kc4 53. e4 Kb4
54. e5 fxe5+ 55. Kxe5 f6+ 56. Kd4 Rc6 57. Ke4 Kc4 58. Rd1 Kb5 59. Ra1 Ka6 60.
Kd5 Rc2 61. Ke6 Rg2 62. Kxf6 Rxg4 63. Kf7 Rxh4 64. f6 Rf4 65. Kg7 h5 66. f7
Rg4+ 67. Kf8 h4 68. Re1 Rb4 69. Kg8 Rg4+ 70. Kh7 Rf4 71. Kg6 h3 72. Rh1 Rf3 73.
Rxh3 1-0

[Event "Club Championships"]
[Site "Wellington Chess Club"]
[Date "2014.10.18"]
[Round "4"]
[White "Scarlett, William"]
[Black "Sole, Christopher"]
[Result "1-0"]
[WhiteElo "1255"]
[BlackElo "953"]

1. e4 e5 2. Nf3 Nc6 3. Bc4 Bc5 4. Nxe5 Nxe5 5. d4 Bxd4 ( {Rybka 2.3.2a mp
32-bit  -1.26 (depth 15)} 5... Nxc4 6. dxc5 d6 7. b3 Qf6 8. c3 Ne5 9. O-O Ne7
10. f4 Nd7 11. Ba3) 6. Qxd4 d6 7. Bf4 Qe7 8. O-O Nf6 9. Nc3 O-O 10. Rfe1 Re8
11. Bg5 h6 12. Bxf6 Qxf6 13. Nd5 $4 (13. Nd5 $4 {Rybka 2.3.2a mp 32-bit  -5.19
(depth 15)} 13... Nf3+ 14. gxf3 Qxd4 15. Bf1 Re6 16. c3 Qd2 17. f4 Qxb2 18. Bg2
c6 19. Reb1 Qc2 20. Rc1) 13... Qd8 $4 14. f4 c5 15. Qc3 Nc6 16. f5 f6 $4 17.
Nxf6+ Kf8 18. Nh7+ Ke7 19. Qxg7# 1-0

[Event "Club Championships"]
[Site "Wellington Chess Club"]
[Date "2014.10.23"]
[Round "5"]
[White "Aldridge, Alan"]
[Black "Stracy, Don"]
[Result "1/2-1/2"]
[WhiteElo "1951"]
[BlackElo "1855"]

1. b3 e5 2. Bb2 d6 3. e3 Nc6 4. Bb5 Bd7 5. Ne2 g6 6. O-O Bg7 7. f4 Nge7 8. Nbc3
O-O 9. fxe5 Nxe5 10. Bxd7 Qxd7 11. Ng3 f5 {Draw agreed} 1/2-1/2

[Event "Club Championships"]
[Site "Wellington Chess Club"]
[Date "2014.10.23"]
[Round "5"]
[White "Collings, Alex"]
[Black "Phillips, Cameron"]
[Result "1-0"]
[WhiteElo "1203"]
[BlackElo "1192"]

1. e4 e5 2. Nf3 Nc6 3. d4 d6 4. dxe5 dxe5 5. Qxd8+ Nxd8 6. Nxe5 Nc6 7. Nxc6
bxc6 8. Bf4 Bd6 9. Bxd6 cxd6 10. Bc4 Nf6 11. Nc3 O-O 12. O-O Re8 13. Rad1 Rd8
14. Rfe1 a5 15. e5 Ba6 16. Bxa6 Rxa6 17. Rxd6 Rxd6 18. exd6 Nd5 19. Re8# 1-0

[Event "Club Championships"]
[Site "Wellington Chess Club"]
[Date "2014.10.23"]
[Round "5"]
[White "Dive, Russell"]
[Black "Perry, Roger"]
[Result "1-0"]
[WhiteElo "2440"]
[BlackElo "2098"]

1. d4 Nf6 2. Nf3 g6 3. g3 d5 4. Bg2 Bg7 5. O-O O-O 6. c4 dxc4 7. Na3 c3 8. bxc3
c5 9. Nc4 Nc6 10. Ba3 cxd4 11. cxd4 Rb8 12. Rc1 Be6 13. e3 Bd5 14. Qe2 Re8 15.
Rfd1 Ne4 16. Nfe5 Na5 17. Qd3 Nxc4 18. Nxc4 Bxc4 19. Qxc4 Nd6 20. Qb3 b5 21.
Bc5 a6 22. Bd5 Rf8 23. e4 Rc8 24. e5 Nf5 25. Bb7 Rb8 26. Be4 Qd7 27. Qa3 Rfc8
28. Qxa6 e6 29. Ba7 Rxc1 30. Rxc1 Rd8 31. Bc6 Qc8 32. Qxc8 Rxc8 33. Rc2 Ne7 34.
Be4 Rxc2 35. Bxc2 Nc6 36. Bb6 Bf8 37. f4 Nb4 38. Bb3 Nd5 39. Bxd5 exd5 40. Bc5
Bh6 41. Be7 f5 42. exf6 Kf7 43. h4 1-0

[Event "Club Championships"]
[Site "Wellington Chess Club"]
[Date "2014.10.23"]
[Round "5"]
[White "Ker, Anthony"]
[Black "Croad, Nicolas"]
[Result "0-1"]
[WhiteElo "2435"]
[BlackElo "2368"]

1. e4 c5 2. c3 d5 3. exd5 Qxd5 4. d4 e6 5. Nf3 Nf6 6. Be3 cxd4 7. cxd4 Nc6 8.
Nc3 Qd6 9. Rc1 Be7 10. Bd3 O-O 11. O-O Nb4 12. Bb1 Bd7 13. Ne5 Nbd5 14. Qd3 g6
15. Bg5 Nxc3 16. bxc3 Bc6 17. Nxc6 bxc6 18. c4 Ng4 19. f4 Bxg5 20. c5 Qc7 21.
Qg3 Nxh2 22. Rf2 Bf6 23. Rd1 Rab8 24. Kxh2 Rfd8 25. Rfd2 Rb4 26. Qe3 Bxd4 27.
Rxd4 Rdxd4 28. Rxd4 Rxb1 29. Qd3 Rb8 30. Rd6 Qe7 31. g3 Qf6 32. Kh3 h5 33. Rxc6
Qa1 34. Qe4 Qd1 35. Qg2 Qg4+ 36. Kh2 h4 37. Qc2 Qxg3+ 38. Kh1 Qf3+ 39. Qg2 Rb1+
40. Kh2 Qxf4+ 41. Kh3 Rh1+ 0-1

[Event "Club Championships"]
[Site "Wellington Chess Club"]
[Date "2014.10.23"]
[Round "5"]
[White "List, Robert"]
[Black "Cunningham, Patrick"]
[Result "0-1"]
[WhiteElo "1724"]
[BlackElo "1734"]

1. e4 e5 2. Bc4 Bc5 3. Nf3 Nc6 4. d3 Nf6 5. O-O O-O 6. Be3 Bxe3 7. fxe3 d5 8.
exd5 Nxd5 9. Qd2 Be6 10. e4 Nf4 11. Nxe5 Qd4+ 12. Kh1 Nxe5 13. Rxf4 Nxc4 14.
dxc4 Qxb2 15. Qc3 Qc1+ 0-1

[Event "Club Championships"]
[Site "Wellington Chess Club"]
[Date "2014.10.23"]
[Round "5"]
[White "Nicholls, Alistair"]
[Black "Farrington, Lawrence"]
[Result "0-1"]
[WhiteElo "1850"]
[BlackElo "1852"]

1. e4 e6 2. d4 d5 3. Nc3 Bb4 4. a3 Bxc3+ 5. bxc3 Ne7 6. Bd3 dxe4 7. Bxe4 c5 8.
Ne2 Nbc6 9. Bf4 cxd4 10. cxd4 Nd5 11. Bd2 Nf6 12. Bg5 h6 13. Bxf6 Qxf6 14. O-O
Bd7 15. Qd3 O-O 16. Rfd1 Rac8 17. c4 Na5 18. Rdc1 Bc6 19. d5 exd5 20. cxd5 Rfd8
21. Rd1 Ba4 22. Rdc1 Nb3 0-1

[Event "Club Championships"]
[Site "Wellington Chess Club"]
[Date "2014.10.23"]
[Round "5"]
[White "Roberts, Michael"]
[Black "Brockway, Andrew"]
[Result "1-0"]
[BlackElo "1784"]
[EventDate "2014.10.23"]
[WhiteElo "1761"]

1. d4 Nf6 2. e3 e6 3. Nf3 c5 4. c3 d5 5. Bd3 b6 6. O-O Be7 7. Nbd2 Bb7 8. Re1
Ne4 9. Nxe4 dxe4 10. Bb5+ Kf8 11. Nd2 Nd7 12. c4 Qc7 13. Nf1 Nf6 14. b3 Rd8 15.
Bb2 a6 16. Ba4 Ba8 17. Qe2 h5 18. dxc5 Qxc5 19. Red1 Qc7 20. Rxd8+ Bxd8 21. Rd1
Kg8 22. Rd2 g6 23. Qd1 Kg7 24. Rd7 Qb8 25. Ng3 b5 26. cxb5 axb5 27. Bxb5 Qxb5
28. Rxd8 Rxd8 29. Qxd8 e5 30. Qxa8 Qd3 31. Bxe5 Qd1+ 32. Nf1 h4 33. Qc6 h3 34.
Qxf6+ 1-0

[Event "Club Championships"]
[Site "Wellington Chess Club"]
[Date "2014.10.23"]
[Round "5"]
[White "Stoeveken, Peter"]
[Black "Rossiter, Philip"]
[Result "1/2-1/2"]
[WhiteElo "1856"]
[BlackElo "1922"]

1. d4 d5 2. c4 c6 3. Nc3 Nf6 4. Bg5 dxc4 5. a4 Bf5 6. f3 Nbd7 7. e4 Bg6 8. Bxc4
Nb6 9. Ba2 Qc7 10. Nge2 e6 11. O-O Be7 12. Bf4 Qd8 13. Bg3 O-O 14. Nf4 Nh5 15.
Nxg6 hxg6 16. Bf2 Nf4 17. Re1 Rc8 18. a5 Nd7 19. d5 cxd5 20. exd5 exd5 21. Bxa7
Bb4 22. Qd4 Bxc3 23. bxc3 Qf6 24. Qxf6 Nxf6 25. Rab1 Rxc3 26. Rxb7 Ne6 27. Bb1
Rfc8 28. Rb8 Rxb8 29. Bxb8 Ra3 30. Bxg6 Rxa5 31. Bf5 Nd4 32. Bd3 Ra3 33. Bb1
Rb3 34. Be5 Ne6 35. Bf5 Nd7 36. Bg3 Rb6 37. Bf2 Rc6 38. Rd1 Nf6 39. Bh4 Nc7 40.
Rb1 g6 41. Rb8+ Kg7 42. Bh3 Rc1+ 43. Kf2 Rc2+ 44. Ke1 Ra2 45. Rb7 Rc2 46. Bg3
Nce8 47. Be6 Rc1+ 48. Kd2 Rg1 49. Rxf7+ Kh6 50. Be5 Rxg2+ 51. Ke1 Nh5 52. Bxd5
Rg5 53. Kf2 Rxe5 54. Be4 Nef6 55. Ba8 Ng4+ 56. fxg4 Ra5 57. Be4 {This is
obviously wrong. Giving up on the last 20 moves} 1/2-1/2

[Event "Club Championships"]
[Site "Wellington Chess Club"]
[Date "2014.10.23"]
[Round "5"]
[White "Stone, Andrew"]
[Black "Nyberg, Michael"]
[Result "0-1"]
[WhiteElo "2058"]
[BlackElo "2081"]

1. e4 c5 2. d4 cxd4 3. c3 dxc3 4. Nxc3 d6 5. Bc4 Nc6 6. Nf3 e6 7. O-O Be7 8.
Qe2 a6 9. Rd1 b5 10. Bb3 Bd7 11. Bf4 e5 12. Be3 Nf6 13. Bg5 Bg4 14. Bxf6 Bxf6
15. Qd3 Bxf3 16. gxf3 Nd4 17. Nd5 Bh4 18. f4 Qc8 19. Rac1 Qg4+ 20. Kh1 O-O 21.
Rg1 Qe2 22. Qh3 Qxe4+ 23. Rg2 Nxb3 24. Qxh4 Qxd5 25. Qg5 Qxg2+ 26. Qxg2 Nxc1
0-1

[Event "Club Championships"]
[Site "Wellington Chess Club"]
[Date "2014.10.23"]
[Round "5"]
[White "Wight, Joshua"]
[Black "Coghini, Phillip"]
[Result "0-1"]
[WhiteElo "1204"]
[BlackElo "1747"]

1. e4 c5 2. Nc3 Nc6 3. f4 d6 4. Nf3 Bg4 5. Bb5 a6 6. Bxc6+ bxc6 7. h3 Bd7 8. d3
g6 9. Bd2 Bg7 10. Qe2 e6 11. Qe3 Ne7 12. Na4 Rb8 13. Rb1 h5 14. Bc3 Bxc3+ 15.
Nxc3 Qa5 16. O-O d5 17. d4 c4 18. exd5 O-O 19. dxe6 Bxe6 20. Qe5 Nd5 21. a3
Rfe8 22. Nxd5 cxd5 23. Qd6 Bf5 24. Ne1 Rb6 25. Qc7 Rc8 26. Qe7 Re6 27. Qb4 Qc7
28. Qc3 Rce8 29. b3 Re3 30. Qd2 Re2 31. Qd1 Qe7 32. a4 Qe3+ 33. Kh1 Bxh3 34.
Kh2 Bg4 35. Kh1 Rf2 36. Rxf2 Bxd1 37. Rxd1 Qxf2 38. bxc4 Rxe1+ 0-1